| 000 | 00322nam a22001337a 4500 | ||
|---|---|---|---|
| 999 |
_c532035 _d532035 |
||
| 003 | NUST | ||
| 038 | _aM.Ramzan | ||
| 082 |
_a628.2 _bREA |
||
| 100 |
_aRead, Geoffrey F. _925308 |
||
| 245 | _asewers Replacement and new construction / | ||
| 260 |
_aAmsterdam _bElsevier _c2004 |
||
| 300 |
_a678 P, : _c25cm |
||
| 942 |
_2ddc _cBK |
||